000 nam a22 7a 4500
999 _c9348
_d9348
008 180127b ||||| |||| 00| 0 eng d
100 _aKapoor, P L
_95597
245 _aSocial Science - VIII
260 _aNew Delhi
_bJiwan Publication